Statistics for Summoners War 5* Monster Quiz

Click here to take the quiz!

General Stats

  • This quiz has been taken 223 times
    (178 since last reset)
  • The average score is 63 of 122

Answer Stats

HintAnswer% Correct
ArchangelVelajuel
94%
PhoenixPerna
90%
ValkyrjaVanessa
89%
ArchangelAriel
87%
Dragon KnightLeo
87%
DragonZaiross
87%
Dragon KnightChow
86%
ValkyrjaCamilla
85%
Dragon KnightLaika
84%
PhoenixSigmarus
84%
ValkyrjaKatarina
83%
OracleSeara
83%
PioneerWoosa
83%
OracleJuno
82%
Occult GirlRica
82%
IfritVeromos
80%
Occult GirlCharlotte
78%
ArchangelEladriel
78%
ArchangelArtamiel
77%
ChimeraRakan
77%
DragonVerad
77%
DragonJamire
76%
PhoenixTeshar
75%
IfritTheomars
75%
Polar QueenTiana
75%
Hell LadyBeth
74%
Occult GirlAnavel
73%
Dragon KnightRagdoll
72%
Sea EmperorPoseidon
71%
OraclePraha
71%
ChimeraTaor
71%
Sea EmperorOkeanos
70%
Polar QueenAlicia
69%
ChimeraLagmaron
69%
ValkyrjaAkroma
68%
Desert QueenHathor
68%
Desert QueenBastet
67%
OracleGiana
67%
PioneerChiwu
65%
Fairy KingGanymede
65%
IfritTesarion
65%
Fairy KingPsamathe
63%
Hell LadyCraka
62%
PioneerPungbaek
62%
Beast MonkRitesh
62%
ValkyrjaTrinity
62%
Polar QueenBrandia
61%
Hell LadyEthna
61%
Sea EmperorTriton
61%
UnicornDiana
60%
IfritElsharion
60%
ArchangelFermion
60%
PioneerWoonsa
59%
Beast MonkKumar
58%
Beast MonkChandra
57%
Hell LadyRaki
57%
ChimeraZeratu
57%
DragonGrogen
56%
PhoenixJaara
56%
Panda WarriorMo Long
55%
PaladinJeanne
54%
IfritAkhamamir
53%
Panda WarriorFeng Yan
52%
Dragon KnightJager
51%
Fairy KingDaphnis
49%
UnicornHelena
49%
ChimeraShan
49%
DragonZerath
49%
Desert QueenSekhmet
47%
PhoenixEludia
46%
Occult GirlNicki
46%
Hell LadyAsima
45%
Desert QueenIsis
45%
UnicornAmelia
44%
OracleLaima
44%
Monkey KingShi Hou
44%
Beast MonkShazam
43%
PaladinJosephine
40%
Fairy KingNyx
40%
Fairy KingOberon
40%
Lightning EmperorOdin
40%
Occult GirlLora
37%
Sea EmperorPontos
37%
Sea EmperorManannan
35%
Monkey KingMei Hou Wang
35%
Panda WarriorXiong Fei
35%
Polar QueenLydia
33%
DruidAbellio
31%
PioneerNigong
30%
Panda WarriorTian Lang
30%
PaladinLouise
29%
Beast MonkRahul
28%
Lightning EmperorBolverk
27%
UnicornEleanor
27%
Monkey KingXing Zhe
27%
UnicornAlexandra
26%
DruidBellenus
26%
Polar QueenElenoa
26%
NinjaHan
26%
PaladinLeona
26%
Sky DancerYeonhong
26%
Lightning EmperorBaleygr
24%
Desert QueenNephthys
24%
Panda WarriorMi Ying
23%
Neostone AgentSylvia
23%
DruidTaranys
23%
Cannon GirlBella
22%
VampireCadiz
22%
Cannon GirlChristina
22%
Monkey KingQitian Dasheng
22%
Monkey KingSon Zhang Lao
22%
Harp MagicianVivachel
22%
PaladinOphilia
20%
AnubisThebae
19%
VampireJulianne
18%
DruidPater
18%
Harp MagicianCelia
15%
Lightning EmperorHerteit
15%
Lightning EmperorGeldnir
12%
DruidValantis
12%
HorusWedjat
12%
Sky DancerWolyung
12%

Score Distribution

Percentile by Number Answered

Percent of People with Each Score

Your Score History

You have not taken this quiz since the last reset